Předehra k Nadaci : the classic foundation series /

Hlavní autor: Asimov, Isaac, 1920-1992
Další autoři: Matějovský, Vladimír, Krbec, Michal
Jazyk: Čeština
Vydáno: Praha : AG kult, [1992]
Témata:
Fyzický popis: 422 stran ; 19 cm
Knihy
Uloženo v:
LEADER 01386nam a2200397 i 4500
001 001681143
003 CZ BrMZK
005 20190624072111.0
007 ta
008 190502t19921992xr g 000 f cze
015 |a cnb000072919 
020 |a 80-901035-5-3  |q (brožováno) 
035 |a (OCoLC)39596678 
040 |a ABA001  |b cze  |d BOA001  |e rda 
041 1 |a cze  |h eng 
072 7 |a 821.111(73)-3  |x Americká próza  |2 Konspekt  |9 25 
080 |a 821.111(73)-31  |2 MRF 
080 |a (0:82-311.9)  |2 MRF 
100 1 |a Asimov, Isaac,  |d 1920-1992  |7 jn19990000289  |4 aut 
240 1 0 |a Prelude to Foundation.  |l Česky  |7 aun2010611068 
245 1 0 |a Předehra k Nadaci :  |b the classic foundation series /  |c Isaac Asimov 
264 1 |a Praha :  |b AG kult,  |c [1992] 
264 4 |c ©1992 
300 |a 422 stran ;  |c 19 cm 
336 |a text  |b txt  |2 rdacontent 
337 |a bez média  |b n  |2 rdamedia 
338 |a svazek  |b nc  |2 rdacarrier 
500 |a Z angličtiny přeložil Vladimír Matějovský, Michal Krbec 
655 7 |a americké romány  |7 fd131796  |2 czenas 
655 7 |a vědecko-fantastické romány  |7 fd133847  |2 czenas 
700 1 |a Matějovský, Vladimír  |7 xx0164519  |4 trl 
700 1 |a Krbec, Michal  |7 xx0178045  |4 trl 
910 |a BOA001  |b 1-1426.311 
990 |a BK 
991 |b 201906  |c NOV 
996 6 |b 2610780329  |c 1-1426.311  |l MZK  |r Sklad / do 1 hodiny  |n 0  |p dar  |w 001721306  |u 000010  |a 1  |e BOA001  |j MZK50  |s P